España sagrada. (Record no. 174569)
[ view plain ]
| 000 -LEADER | |
|---|---|
| campo de control de longitud fija | 01148nam a2200265 4500 |
| 001 - NÚMERO DE CONTROL | |
| campo de control | 174569 |
| 003 - IDENTIFICADOR DE NÚMERO DE CONTROL | |
| campo de control | ES-MaACL |
| 005 - FECHA Y HORA DE LA ÚLTIMA TRANSACCIÓN | |
| campo de control | 20250830111240.0 |
| 008 - DATOS DE LONGITUD FIJA--INFORMACIÓN GENERAL | |
| campo de control de longitud fija | 100506s1776 sp p |||| | spa d |
| 080 ## - NÚMERO DE LA CLASIFICACIÓN DECIMAL UNIVERSAL | |
| Número de la Clasificación Decimal Universal | 27 |
| 100 1# - ENTRADA PRINCIPAL--NOMBRE DE PERSONA | |
| Nombre de persona | Flórez, Enrique, |
| Fechas asociadas al nombre | 1702-1773 |
| 9 (RLIN) | 142679 |
| 240 10 - TÍTULO UNIFORME | |
| Título uniforme | España sagrada |
| 245 10 - MENCIÓN DEL TÍTULO | |
| Título | España sagrada. |
| Número de parte o sección de la obra | Tomo XXXI, |
| Nombre de parte o sección de la obra | Las memorias de los varones ilustres Cesaraugustanos, que florecieron en los primeros siglos de la Iglesia, las noticias concernientes à las Iglesias muzárabes, literatos y reyes de Zaragoza ... y las obras del célebre Obispo Tajon, hasta hoy no publicadas / |
| Mención de responsabilidad, etc. | su autor, Manuel Risco ... continuador de las obras del Rmo. P. MAestro Fr. Henrique Florez. |
| 260 ## - PUBLICACIÓN, DISTRIBUCIÓN, ETC. | |
| Lugar de publicación, distribución, etc. | Madrid : |
| Nombre del editor, distribuidor, etc. | en la imprenta de D. Antonio de Sancha, |
| Fecha de publicación, distribución, etc. | 1776. |
| 300 ## - DESCRIPCIÓN FÍSICA | |
| Extensión | [28], 552 p. ; |
| Dimensiones | 20 cm. |
| 500 ## - NOTA GENERAL | |
| Nota general | Apéndices, p. 166-552. |
| 546 ## - NOTA DE IDIOMA | |
| Nota de lengua/lenguaje | Apéndices en latín. |
| 610 24 - PUNTO DE ACCESO ADICIONAL DE MATERIA--NOMBRE DE ENTIDAD CORPORATIVA | |
| Nombre de entidad corporativa o nombre de jurisdicción como elemento de entrada | Iglesia Católica |
| 9 (RLIN) | 4639 |
| 650 07 - PUNTO DE ACCESO ADICIONAL DE MATERIA--TÉRMINO DE MATERIA | |
| Término de materia o nombre geográfico como elemento de entrada | Historia |
| Fuente del encabezamiento o término | embne |
| 9 (RLIN) | 179933 |
| 651 #4 - PUNTO DE ACCESO ADICIONAL DE MATERIA--NOMBRE GEOGRÁFICO | |
| Nombre geográfico | España |
| 9 (RLIN) | 8159 |
| 700 1# - ENTRADA AGREGADA--NOMBRE PERSONAL | |
| Nombre de persona | Risco, Manuel. |
| 9 (RLIN) | 97459 |
| 852 4# - LOCALIZACIÓN | |
| Ubicación | Ba |
| Número de control de estantería | R-1617-69 |
| Encuadernación | C-16767-818 |
| Estatus retirado | Estado de pérdida | Estado de daño | No para préstamo | Colección | Biblioteca de origen | Biblioteca actual | Ubicación en estantería | Fecha de adquisición | Fuente de adquisición | Total de préstamos | Signatura topográfica completa | Código de barras | Visto por última vez | Precio de reemplazo | Tipo de ítem Koha |
|---|---|---|---|---|---|---|---|---|---|---|---|---|---|---|---|
| Libros del s. XVIII | Biblioteca del Ateneo de Madrid | Biblioteca del Ateneo de Madrid | Depósito | 06/05/2010 | R-1647 | 1183255 | 23/02/2023 | 23/02/2023 | Libro impreso antiguo |
